Análisis regional de la comunidad de escarabajos coprófagos (<Coleoptera: scarabaeidae: scarabaeinae>) de los bosques secos de la región Caribe de Colombia (Registro nro. 10492)

Detalles MARC
000 -CABECERA
Campo de control 007280000a22001810004500
090 ## - CLASIFICACIÓN LOCAL
Colección AR
Consecutivo 01408
041 0# - IDIOMA
Código de idioma para texto/pista de sonido o título separado
100 1# - ASIENTO PRINCIPAL--NOMBRE PERSONAL
Nombre personal Escobar Sarria, Federico
245 10 - MENCION DE TITULO
Título Análisis regional de la comunidad de escarabajos coprófagos (<Coleoptera: scarabaeidae: scarabaeinae>) de los bosques secos de la región Caribe de Colombia
650 14 - ASIENTO SECUNDARIO DE MATERIA - TERMINO TEMATICO
Término temático o nombre geográfico como elemento de entrada Biodiversidad
650 14 - ASIENTO SECUNDARIO DE MATERIA - TERMINO TEMATICO
Término temático o nombre geográfico como elemento de entrada Disturbios antrópicos
650 14 - ASIENTO SECUNDARIO DE MATERIA - TERMINO TEMATICO
Término temático o nombre geográfico como elemento de entrada Bioindicadores
650 14 - ASIENTO SECUNDARIO DE MATERIA - TERMINO TEMATICO
Término temático o nombre geográfico como elemento de entrada Escarabajos
651 #4 - ASIENTO SECUNDARIO DE MATERIA - NOMBRE GEOGRAFICO
-- Costa caribe
-- Zambrano, Los Colorados, Tierra Bomba, Negaunje
-- Colombia
653 ## - TERMINO DE INDIZACION - NO CONTROLADO
-- Scarabaeinae
773 1# - Item fuente:
Título Informe Nacional sobre el Estado de la Diversidad Colombia
Especificación de materiales 510
Paginas del Articulo 72-75
Lugar, editorial y fecha de publicación 1997
Información sobre la relación 1
942 ## - ELEMENTOS ADICIONALES (KOHA)
Tipo de ítem Artículo
Existencias
Withdrawn status Lost status Damaged status No para préstamo Colección Ubicación Permanente Ubicación actual Fecha de adquisición Fuente de Valor Datos de publicación Seriada Total Checkouts Número topográfico Inventario / Código de Barras Date last seen Ejemplar Price effective from Forma de adquisición Tipo de material
      No para Préstamo Hemeroteca Bogotá Bogotá 27/02/2015 INCIVA Fuera de circulación   AR 01408 011763 25/03/2015 1 25/03/2015   Artículo